Recientes avances en Dermatología / (Record no. 132643)

MARC details
000 -LEADER
campo de control de longitud fija 00555nam a2200181 4500
001 - NÚMERO DE CONTROL
campo de control 132643
003 - IDENTIFICADOR DE NÚMERO DE CONTROL
campo de control ES-MaACL
005 - FECHA Y HORA DE LA ÚLTIMA TRANSACCIÓN
campo de control 20230906194223.0
007 - CAMPO FIJO DE DESCRIPCIÓN FÍSICA--INFORMACIÓN GENERAL
campo de control de longitud fija t|
008 - DATOS DE LONGITUD FIJA--INFORMACIÓN GENERAL
campo de control de longitud fija 070214s1977 sp r ||||1| spa d
100 1# - ENTRADA PRINCIPAL--NOMBRE DE PERSONA
Nombre de persona Rook, Arthur.
9 (RLIN) 99521
245 10 - MENCIÓN DEL TÍTULO
Título Recientes avances en Dermatología /
Mención de responsabilidad, etc. Arthur Rook ; versión... Mª Teresa Estrach Panella.
250 ## - MENCION DE EDICION
Mención de edición 1ª ed.
260 ## - PUBLICACIÓN, DISTRIBUCIÓN, ETC.
Lugar de publicación, distribución, etc. Barcelona :
Nombre del editor, distribuidor, etc. Jims,
Fecha de publicación, distribución, etc. 1977.
300 ## - DESCRIPCIÓN FÍSICA
Extensión XII, 471 p. :
Otras características físicas il. ;
Dimensiones 22 cm.
700 1# - ENTRADA AGREGADA--NOMBRE PERSONAL
Nombre de persona Estrach Panella, María Teresa.
9 (RLIN) 48189
852 ## - LOCALIZACIÓN
Ubicación ES-MaACL
Número de control de estantería A-10749
Sublocalización o colección R.100056
Holdings
Estatus retirado Estado de pérdida Estado de daño No para préstamo Biblioteca de origen Biblioteca actual Ubicación en estantería Fecha de adquisición Fuente de adquisición Total de préstamos Signatura topográfica completa Código de barras Visto por última vez Precio de reemplazo Tipo de ítem Koha
        Biblioteca del Ateneo de Madrid Biblioteca del Ateneo de Madrid Depósito 1 17/01/2008     A-10749 1138094 23/02/2023 23/02/2023 Libro impreso